书目信息 |
| 题名: |
ANSYS Fluent 2020工程案例详解
|
|
| 作者: | 孙立军 编著 | |
| 分册: | ||
| 出版信息: | 北京 北京大学出版社 2021 |
|
| 页数: | 10,342页 | |
| 开本: | 26cm | |
| 丛书名: | ||
| 单 册: | ||
| 中图分类: | TB126-39 , TB126 | |
| 科图分类: | ||
| 主题词: | 工程力学--流体力学--有限元分析--应用软件 | |
| 电子资源: | ||
| ISBN: | 978-7-301-32048-8 | |
| 000 | 01171nam0 2200229 450 | |
| 001 | 2275445317 | |
| 005 | 20220929205748.45 | |
| 010 | @a978-7-301-32048-8@dCNY89.00 | |
| 100 | @a20210413d2021 em y0chiy50 ea | |
| 101 | 0 | @achi |
| 102 | @aCN@b110000 | |
| 105 | @ay z 000yy | |
| 200 | 1 | @aANSYS Fluent 2020工程案例详解@9ANSYS Fluent 2020 gong cheng an li xiang jie@e视频教程版@f孙立军编著 |
| 210 | @a北京@c北京大学出版社@d2021 | |
| 215 | @a10,342页@d26cm | |
| 330 | @a本书从Flucnt 2020仿真计算基础理论讲起,分析说明Flucnt仿真计算操作设置并深入到项目实战案例,重点介绍使用Fluent进行大功率电力电子、污染物泄露扩散等领域的仿真计算,读者不但可以系统地学习如何进行Fluent仿真分析设置,而且还能对Fluent解决实际工程问题分析有更为深入的理解。全书分为15章,内容主要包括Fluent软件操作及设置,以及13个实际工程案例的详解。覆盖湍流流动、传热、组分输送模型、多相流、颗粒离散相、噪声等,涉及流体流动、燃烧传热、大功率电力电子散热、污染物泄漏扩散、多相流流动及建筑物舒适性等工程问题。 | |
| 606 | 0 | @a工程力学@x流体力学@x有限元分析@x应用软件 |
| 690 | @aTB126-39@v5 | |
| 690 | @aTB126@v4 | |
| 701 | 0 | @a孙立军@9Sun Li Jun@4编著 |
| 801 | 0 | @aCN@b91MARC@c20210808 |
| 905 | @aZUCC@dTB126@e1 | |
| ANSYS Fluent 2020工程案例详解:视频教程版/孙立军编著.-北京:北京大学出版社,2021 |
| 10,342页;26cm |
| ISBN 978-7-301-32048-8:CNY89.00 |
| 本书从Flucnt 2020仿真计算基础理论讲起,分析说明Flucnt仿真计算操作设置并深入到项目实战案例,重点介绍使用Fluent进行大功率电力电子、污染物泄露扩散等领域的仿真计算,读者不但可以系统地学习如何进行Fluent仿真分析设置,而且还能对Fluent解决实际工程问题分析有更为深入的理解。全书分为15章,内容主要包括Fluent软件操作及设置,以及13个实际工程案例的详解。覆盖湍流流动、传热、组分输送模型、多相流、颗粒离散相、噪声等,涉及流体流动、燃烧传热、大功率电力电子散热、污染物泄漏扩散、多相流流动及建筑物舒适性等工程问题。 |
| ● |
| 相关链接 |
|
|
|
正题名:ANSYS Fluent 2020工程案例详解
索取号:TB126/1
 
预约/预借
| 序号 | 登录号 | 条形码 | 馆藏地/架位号 | 状态 | 备注 |
| 1 | 2000907826 | 2000907826 | 第三书库/ [索取号:TB126/1] | 在馆 | |
| 2 | 2000907827 | 2000907827 | 第三书库/ [索取号:TB126/1] | 在馆 | |
| 3 | 2000907828 | 2000907828 | 第三书库/ [索取号:TB126/1] | 在馆 |